Hướng về đại lễ Phật đàn liên hiệp quốc 2008 /

সংরক্ষণ করুন:
গ্রন্থ-পঞ্জীর বিবরন
প্রধান লেখক: Nhuận Hiếu.
বিন্যাস: প্রবন্ধ
ভাষা:Vietnamese
বিষয়গুলি:
ট্যাগগুলো: ট্যাগ যুক্ত করুন
কোনো ট্যাগ নেই, প্রথমজন হিসাবে ট্যাগ করুন!
Thư viện lưu trữ: Thư viện Trường Đại học Đà Lạt
LEADER 00739nam a2200265 4500
001 DLU110124150
005 ##20110825
040 # # |a DLU  |b vie 
041 # # |a vie 
044 # # |a vn 
100 # # |a Nhuận Hiếu. 
245 # # |a Hướng về đại lễ Phật đàn liên hiệp quốc 2008 /  |c Nhuận Hiếu. 
653 # # |a Lễ Phật đản 
653 # # |a Nghi lễ 
653 # # |a Tâm linh 
773 # # |t Tuần báo Giác ngộ  |g Số 428, 2008, tr. 4 
920 # # |a Phòng Tạp chí -- Trung tâm Thông tin - Thư viện Trường Đại học Đà Lạt 
994 # # |a DLU 
900 # # |a True 
911 # # |a Nguyễn Thị Linh Chi 
925 # # |a G 
926 # # |a A 
927 # # |a BB 
980 # # |a Thư viện Trường Đại học Đà Lạt